View of the Earth: An introduction to geology / (Record no. 183769)
[ view plain ]
| 000 -LEADER | |
|---|---|
| fixed length control field | 01148 a2200181 4500 |
| 003 - CONTROL NUMBER IDENTIFIER | |
| control field | Nust |
| 005 - DATE AND TIME OF LATEST TRANSACTION | |
| control field | 20230717102728.0 |
| 020 ## - INTERNATIONAL STANDARD BOOK NUMBER | |
| International Standard Book Number | 6510748 |
| 040 ## - CATALOGING SOURCE | |
| Transcribing agency | Nust |
| 082 ## - DEWEY DECIMAL CLASSIFICATION NUMBER | |
| Classification number | 551,FAQ |
| 100 ## - MAIN ENTRY--PERSONAL NAME | |
| Personal name | Fagan, John J. |
| 9 (RLIN) | 113678 |
| 245 ## - TITLE STATEMENT | |
| Title | View of the Earth: An introduction to geology / |
| Statement of responsibility, etc. | John J. Fagan |
| 260 ## - PUBLICATION, DISTRIBUTION, ETC. | |
| Place of publication, distribution, etc. | New York, Holt, |
| Name of publisher, distributor, etc. | Rinehart and Winston, |
| Date of publication, distribution, etc. | [1965] |
| 300 ## - PHYSICAL DESCRIPTION | |
| Extent | ix, 436 p. illus., charts, |
| Other physical details | maps, ports. 24 cm. |
| 505 ## - FORMATTED CONTENTS NOTE | |
| Formatted contents note | Introduction (Page-1), The Earth in Space and Time (Page-8), The Earths Outer Layers (Page-32), The Crust Underfoot (Page-52), Volcanoes and Igneous Activity (Page-72), Sediments : The Layered Rocks (Page-112), Rocks Deformed and Metamorphism (Page-140), Earthquakes and the Earths Interior (Page-172), Weathering and The Pull of Gravity (Page-190), The Power of Running Water (Page-214), The Waters Below (Page-260), Wind in Action and Deserts (Page-282), The Advance of Glaciers (Page-300), Waves Against the Shore (Page-332), Mountains in the Landscape (Page-352), Deciphering the Past (Page-370), The Story of the Rocks (Page-386). |
| 650 ## - SUBJECT ADDED ENTRY--TOPICAL TERM | |
| Topical term or geographic name entry element | View of the Earth |
| 9 (RLIN) | 113679 |
| 942 ## - ADDED ENTRY ELEMENTS (KOHA) | |
| Source of classification or shelving scheme | |
| Koha item type | Book |
| Call number prefix | 551,FAQ |
| Withdrawn status | Lost status | Source of classification or shelving scheme | Damaged status | Not for loan | Permanent Location | Current Location | Shelving location | Date acquired | Full call number | Barcode | Date last seen | Price effective from | Koha item type | Public note |
|---|---|---|---|---|---|---|---|---|---|---|---|---|---|---|
| Military College of Signals (MCS) | Military College of Signals (MCS) | General Stacks | 12/12/2016 | 551,FAG | MCS21227 | 12/08/2016 | 12/12/2016 | Book | Almirah No.77, Shelf No.5 |
